| 000 | 00759nam a22002177a 4500 | ||
|---|---|---|---|
| 999 |
_c20094 _d20094 |
||
| 003 | AR-CdUCM | ||
| 008 | 190525b ||||| |||| 00| 0 spa d | ||
| 040 |
_aMUNICIPALIDAD PROVINCIAL DEL CUSCO _cBIBLIOTECA MUNICIPAL DEL CUSCO |
||
| 082 |
_a780.14 / _bC56 |
||
| 100 |
_aAaron, Copland _942040 |
||
| 245 | _aMúsica e imaginación / | ||
| 260 |
_aBuenos Aires : _bEmecé Editores, _c1955. |
||
| 300 |
_a138 páginas ; _c20 cm. |
||
| 500 | _a[libro reempastado] | ||
| 505 | _aContenido : La música y el espíritu imaginativo -- La imaginación musical en la escena contemporánea... | ||
| 650 |
_aEspíritu imaginativo _942041 |
||
| 650 |
_aImaginación musical _942042 |
||
| 650 |
_aEl oyente _942043 |
||
| 942 |
_2ddc _cLIBROS |
||
| 945 |
_aAndy _d2019-05-25 |
||